ChatGPT Generated 50 Question General Knowledge #2 - Statistics

General Stats
  • This quiz has been taken 58 times
  • The average score is 34 of 50
Answer Stats
Hint Answer % Correct
What is the capital city of Italy? Rome
98%
What is the chemical symbol for gold? Au
94%
Which country is home to the Great Barrier Reef? Australia
92%
What is the currency used in Japan? Yen
88%
What is the most populous country in the world? China
86%
Which country is known for inventing paper? China
86%
What is the smallest planet in our solar system? Mercury
86%
What year did the first man land on the Moon? 1969
84%
What is the capital of Egypt? Cairo
82%
Who was the first person to step on the Moon? Neil Armstrong
82%
Who discovered America in 1492? Christopher Columbus
80%
Which element has the atomic number 1? Hydrogen
80%
What is the capital of Spain? Madrid
80%
What is the official language of Brazil? Portuguese
80%
What is the capital of South Korea? Seoul
80%
Who painted The Starry Night? Vincent van Gogh
80%
Who is the author of Harry Potter? J.K. Rowling
78%
Who invented the telephone? Alexander Graham Bell
76%
Which famous scientist is credited with the laws of motion and universal gravitation? Isaac Newton
76%
What is the symbol for potassium on the periodic table? K
76%
Which year did the Berlin Wall fall? 1989
74%
Which element has the chemical symbol "Fe"? Iron
74%
What is the currency used in Mexico? Peso
74%
Which element has the chemical symbol "Na"? Sodium
74%
Which U.S. state is famous for its Hollywood district? California
72%
What is the name of the fictional wizarding school in Harry Potter? Hogwarts
72%
What type of animal is a Komodo dragon? Lizard
72%
Who was the first woman to win a Nobel Prize? Marie Curie
72%
Which planet has the most moons? Saturn
72%
Which continent is known as the "Dark Continent"? Africa
66%
What is the name of the famous clock tower in London? Big Ben
66%
What is the longest bone in the human body? The femur
66%
What is the name of the longest-running TV show in the U.S.? The Simpsons
66%
What is the longest-running animated television series? The Simpsons
66%
Who was the 16th president of the United States? Abraham Lincoln
64%
Who is the Greek god of the sea? Poseidon
64%
Who is known as the "Father of Modern Physics"? Albert Einstein
62%
In which year was the United Nations founded? 1945
60%
Which city hosted the 2008 Summer Olympics? Beijing
56%
What is the largest island in the world? Greenland
56%
Which famous natural landmark is located in Arizona, USA? The Grand Canyon
56%
Which U.S. state is famous for its potatoes? Idaho
54%
In which country would you find the ancient city of Petra? Jordan
52%
Which country is the origin of the tango dance? Argentina
44%
Which fruit is known as the "king of fruits" and has a strong odor? Durian
40%
What is the national animal of Canada? Beaver
36%
Who wrote The Catcher in the Rye? J.D. Salinger
30%
What is the most common blood type in humans? O positive
26%
What is the largest desert in the world? The Sahara Desert
24%
What does the "D" stand for in D-Day? Day
20%
No matching quizzes found
Score Distribution
Percent of People with Each Score
Percentile by Number Answered
Your Score History
You have not taken this quiz